LEADER 01474cam--2200397---450- 001 990003315210203316 005 20161216141411.0 010 $a88-244-8068-3 035 $a000331521 035 $aUSA01000331521 035 $a(ALEPH)000331521USA01 035 $a000331521 100 $a20090918d2005----km-y0itay50------ba 101 $aita 102 $aIT 105 $a||||||||001yy 200 1 $a<>Français dans les textes juridiques$etesti relativi a tematiche giuridiche con note ed esercizi di comprensione, analisi della morfosintassi e della terminologia specializzata$eletture e documenti autentici, con spunti di approfondimento$fAnna Giaufret, Bernard Mesmaeker, Micaela Rossi$gprefazione di Leandro Schena 210 $aNapoli$cEdizioni Simone$d2005$ecd-rom 215 $a302 p.$d24 cm 225 2 $aManuali$v49/2 410 0$12001$aManuali$v, 49/2 606 0 $aLingua francese$xTerminologia giuridica$2BNCF 676 $a448.002434 700 1$aGIAUFRET,$bAnna$0503530 801 0$aIT$bsalbc$gISBD 912 $a990003315210203316 951 $aXXI.5 32$b57794 G.$cXXI.5$d00190142 959 $aBK 969 $aGIU 979 $aFIORELLA$b90$c20090918$lUSA01$h1153 979 $aCHIARA$b90$c20120417$lUSA01$h0958 979 $aCHIARA$b90$c20120417$lUSA01$h0959 979 $aCHIARA$b90$c20120417$lUSA01$h1001 979 $aCHIARA$b90$c20161216$lUSA01$h1414 996 $aFrançais dans les textes juridiques$91120876 997 $aUNISA